• 首页
  • 本馆介绍
  • 公告通知
  • 最新文献
  • 馆藏检索
  • 电子资源
  • 读者导购
  • 参考咨询
  • 我的图书馆
  • 登录
  • 详细信息显示
  • 放入我的书架
  • 预约/预借图书
  • 作者相关作品
  • 分类相关作品
  • 丛书相关作品
  • 出版社相关作品

书目信息

  • 表格格式
  • 工作单格式
  • 卡片格式
题名:
号奇
    
 
作者: 何金铠 编著
分册:  
出版信息: 沈阳   辽宁人民出版社  2001
页数: 381页
开本: 20cm
丛书名:
单 册:
中图分类: K810.2
科图分类:
主题词: 名人--别称--汇编--中国
电子资源:
ISBN: 7-205-05019-7
000 00616nam0 2200205 45
001 0309150961
005 20040531154639.4
010    @a7-205-05019-7@dCNY20.00
100    @a20030915d2001 km y0chiy0120 ea
101 0  @achi
105    @a z 000yy
200 1  @a号奇@AHao Qi@e古今名人名号@EGu Jin Ming Ren Ming Hao@f何金铠编著@FHe Jin Kai Bian Zhu
210    @a沈阳@c辽宁人民出版社@d2001
215    @a381页@d20cm
517 1  @a古今名人名号@AGu Jin Ming Ren Ming Hao
606 0  @a名人@x别称@x汇编@y中国
690    @aK810.2@v4
701  0 @a何金铠@4编著
801    @aCN@bTSTC@c20030915
905    @b325162@dK810.2@e15@f1
    
    号奇:古今名人名号/何金铠编著.-沈阳:辽宁人民出版社,2001
    381页;20cm
    
    
    ISBN 7-205-05019-7:CNY20.00
    
●
相关链接 在E读中查询图书 在五车中查询图书 在当当中查询图书 在豆瓣中查询图书


正题名:号奇     索取号:K810.2/15         预约/预借

序号 登录号 条形码 馆藏地/架位号 状态 备注
1 0325162   203251621   第二样本阅览室/ [索取号:K810.2/15] 在馆    
2 0325861   203258615   第二借阅区/ [索取号:K810.2/15] 在馆    
3 0326004   203260041   第二借阅区/ [索取号:K810.2/15] 在馆    
唐山师范学院图书馆 欢迎您!
大连网信软件有限公司© 版权所有